El niño de 5 y 6 años /

Guardado en:
Autor Principal: Gesell, Arnold
Formato: Libro
Publicado: Buenos Aires : Paidos, 1971
Edición:2a. ed.
Materias:
Etiquetas: Agregar Etiqueta
Sin Etiquetas, Sea el primero en etiquetar este registro!
LEADER 01180nam a22002175a 4500
001 CEM.cems002860
005 20060222000000.0
008 130507s1971##################000#0#####d
003 CEMS
082 0 4 |a 136.7 
100 1 |a Gesell, Arnold 
245 1 0 |a El niño de 5 y 6 años /  |c Arnold Gesell 
250 |a 2a. ed. 
260 |a Buenos Aires :  |b Paidos,  |c 1971 
300 |a 124 p. 
505 0 |a Que incita la conducta;factores fisicos subyacentes del comp[ortamiento infantil;influencia del grupo sobre la conducta;papel de la estetica en la adaptacion del nino.VIDA EMOCIONAL:El sentimiento de seguridad, el desarrollo emocional del nino; intereses y preocupaciones entre los 13 y 19 anos;la conducta desviada durante la infancia y la juventud, la salud mental y el nino inadaptado, la neurosis de ansiedad y la derivacion de trastornos en la conducta infantil, histeria en la infancia, como reacciona el nino ante sus defectos fisicos.BIBLIOGRAFIA:en castellano pp. 125-126. 
653 |a Niños-conducta 
653 |a Niños-cosmovision 
653 |a Psicologia del niño-5 y 6 años 
653 |a Psicologia evolutiva 
859 |a CEMS  |b BIB. CEMS - 11 de abril  |h 136.7  |i G33a2  |p 509.73  |t Ej.1